000 00413nam a22001817a 4500
003 OSt
005 20250618155409.0
008 250618b |||||||| |||| 00| 0 eng d
040 _cLondon ;
050 _aK840 FUR
100 _aFurmston, M. P.
245 _aLaw of Contract
300 _aliv, 708 pages
500 _aIncludes Index
600 _2Contract Law
856 _3Contract Law
942 _2lcc
_cBK
_n0
999 _c6570
_d6570